|
|
|
|
| LEADER |
00000nab a2200000 a 4500 |
| 001 |
vtls009962500 |
| 003 |
SK-MaSNL |
| 005 |
20260304151250.0 |
| 008 |
250506c2009 xo br|p|||||||000 b|slo |
| 015 |
|
|
|a SNBRB2009/10
|2 snkbucl
|
| 035 |
|
|
|a (uuid)b59e4b63-a72e-4264-a08a-ad5915554c2b
|
| 035 |
|
|
|a urn:nbn:sk:snk-ab2a0q
|
| 035 |
|
|
|a (urnnbn)urn:nbn:sk:snk:ar-a020au
|
| 038 |
|
|
|a SNKBUCL
|
| 040 |
|
|
|a SNKBUCL
|b slo
|c SNKBUCL
|e AACR2
|
| 041 |
0 |
|
|a slo
|b eng
|
| 044 |
|
|
|a xo
|c SK
|
| 080 |
|
|
|a 346.545
|2 2001
|
| 080 |
|
|
|a 347.776
|2 2001
|
| 100 |
1 |
|
|a Kalesná, Katarína,
|d 1959-
|4 aut
|9 207922
|
| 245 |
1 |
0 |
|a Kto môže niesť zodpovednosť za porušenie súťažného práva
|c Katarína Kalesná
|
| 504 |
|
|
|a Bibliogr. odkazy
|
| 546 |
|
|
|a Res. angl.
|
| 650 |
0 |
7 |
|a súťažné právo
|2 snkbucl
|9 1453078
|
| 773 |
0 |
|
|t Právny obzor
|g Roč. 92, č. 2 (2009), s. 123-130
|x 0032-6984
|
| 850 |
|
|
|a Slovenská národná knižnica
|
| 852 |
|
|
|a Slovenská národná knižnica
|
| 954 |
|
|
|a odborná, vedecká literatúra pôvodná (slovenská)
|2 lita
|
| 958 |
|
|
|a article27
|
| 958 |
|
|
|a SK
|
| 958 |
|
|
|a NB
|
| 958 |
|
|
|a OND
|
| 958 |
|
|
|a EUIPO
|
| 999 |
|
|
|c 2942521
|d 2944451
|